000 01088nam a22003135i 4500
001 11101
003 ES-MaACL
005 20251219203812.0
007 t|
008 940617s1993 sp ||||0| cat j
020 _a84-7826-472-8
040 _aM-BN
_bspa
_cM-BN
080 _a849.9 Rosselló-Páorcel, B. 1.06
080 _a849.9 Espriu, Salvador 1.06
080 _a929 Rosselló-Páorcel, B
080 _a929 Espriu, Salvador
100 1 _aDelor i Muns, Rosa M.
_943566
245 1 3 _aLa mort com a intercanvi simbáolic
_b: Bartomeu Rosselló-Porcel i Salvador Espriu, diáaleg intertextual (1934-1984) /
_cRosa M. Delor i Muns.
250 _a1ª ed.
260 _aBarcelona :
_bAbadia de Montserrat,
_c1993.
300 _a184 p ;
_c19 cm.
490 1 _aBiblioteca Serra d'or ;
_v127
504 _aBibliografía.
600 1 7 _aRosselló-Porcel, Bartomeu,
_d1913-1938
_2
_9132074
600 1 4 _aEspriu, Salvador,
_d1913-1985
_947947
830 0 _aBiblioteca Serra d'or ;
_v127
_9178942
852 _aES-MaACL
_jL-18383
_bR.123418
999 _c11101
_d11101